[Event "ROU-chT Women Superliga 2018"]
[Site "Sovata"]
[Date "2018.11.30"]
[Round "6"]
[White "Cristocea, Gabriela"]
[Black "Cosman, Andreea-Marioara"]
[Result "0-1"]
[WhiteElo "1843"]
[BlackElo "2176"]
[Annotator "NA RC"]
[PlyCount "40"]
[EventDate "2018.11.24"]
[EventType "team-tourn"]
[EventCountry "ROU"]
[SourceTitle "playchess.com"]
[Source "ChessBase"]
[SourceQuality "1"]
[TimeControl "40/5400+30:1800+30"]

1. d4 {[%emt 0:00:00]} Nf6 {[%emt 0:00:00]} 2. c4 {[%emt 0:00:00]} c5 {[%emt 0:00:00]} 3. d5 {[%emt 0:00:00]} e6 {[%emt 0:00:22]} 4. Nc3 {[%emt 0:00:00]} exd5 {[%emt 0:00:04]} 5. cxd5 {[%emt 0:00:00]} d6 {[%emt 0:00:03]} 6. g3 {[%emt 0:00:19]} g6 {[%emt 0:00:05]} 7. Bg2 {[%emt 0:00:06]} Bg7 {[%emt 0:00:04]} 8. Nf3 {[%emt 0:00:06]} O-O {[%emt 0:00:05]} 9. O-O {[%emt 0:00:04]} Na6 {[%emt 0:05:04]} 10. Nd2 {[%emt 0:00:50]} Ng4 {[%emt 0:00:36]} 11. Nc4 {[%emt 0:02:34]} Ne5 {[%emt 0:00:17]} 12. Nxe5 {[%emt 0:01:23]} Bxe5 {[%emt 0:00:42]} 13. e4 {[%emt 0:00:40]} f5 {[%emt 0:09:31]} 14. Qb3 {[%emt 0:08:11]} Rb8 {[%emt 0:15:56]} 15. Be3 {[%emt 0:05:27]} Qf6 $11 {[%emt 0:08:49]} 16. Rad1 {[%emt 0:02:12]} b5 {[%emt 0:04:39]} 17. f4 {[%emt 0:04:09]} Bxc3 {[%emt 0:01:02]} 18. Qxc3 {[%emt 0:00:55]} Qxc3 {[%emt 0:00:18]} 19. bxc3 {[%emt 0:00:06]} fxe4 {[%emt 0:00:04]} 20. Bxe4 {[%emt 0:01:37]} Re8 {[%emt 0:00:16]} 0-1

[Event "ROU-chT Women Superliga 2018"]
[Site "Sovata"]
[Date "2018.11.30"]
[Round "6"]
[White "Popa, Catalina-Elena"]
[Black "Bucur, Denisa-Andreea"]
[Result "1-0"]
[WhiteElo "1746"]
[BlackElo "2012"]
[Annotator "NA RC"]
[PlyCount "89"]
[EventDate "2018.11.24"]
[EventType "team-tourn"]
[EventCountry "ROU"]
[SourceTitle "playchess.com"]
[Source "ChessBase"]
[SourceQuality "1"]
[TimeControl "40/5400+30:1800+30"]

{[%evp 8,89,2,-6,32767,32767,32767,32767,32767,32767,0,-5,14,32767,32767,3,32767,67,72,32767,81,54,114,32767,32767,32767,32767,59,32767,32767,212,32767,32767,60,155,150,159,116,161,152,209,32767,32767,32767,32767,32767,32767,225,416,32767,32767,216,210,32767,238,32767,32767,32767,32767,32767,32767,32767,32767,32767,1034,32767,32767,32767,32767,32767,32767,29968,32767,29976,12836,29969,29960,877,924,965,932,804,32767,1250]} 1. d4 {[%emt 0:00:00]} d5 {[%emt 0:00:00]} 2. Bf4 {[%emt 0:00:00]} Nf6 {[%emt 0:00:00]} 3. e3 {[%emt 0:00:00]} c5 {[%emt 0:00:15]} 4. c3 {[%emt 0:00:00]} Nc6 {[%emt 0:00:29]} 5. Nd2 {[%emt 0:00:28] D00: 1 d4 d5: Unusual lines} Bf5 {[%emt 0:03:51]} 6. Qb3 {[%emt 0:05:19]} Qd7 {[%emt 0:07:38]} 7. Be2 {[%emt 0:05:16]} c4 {[%emt 0:02:30]} 8. Qd1 {[%emt 0:00:39]} e6 {[%emt 0:04:32]} 9. Ngf3 {[%emt 0:08:13]} h6 {[%emt 0:02:35] LiveBook: 13 Games} 10. O-O {[%emt 0:02:43]} Be7 {[%emt 0:01:15]} 11. b3 $146 {[%emt 0:07:29]} ({Predecessor:} 11. Ne5 Nxe5 12. Bxe5 O-O {1-0 (34) Kamsky,G (2741)-Potkin,V (2647) Khanty-Mansiysk 2013}) 11... Ba3 {[%emt 0:14:42]} 12. bxc4 {[%emt 0:16:29]} Bb2 {[%emt 0:00:12]} 13. Rb1 {[%emt 0:00:11]} Bxc3 {[%emt 0:25:53]} ({But not} 13... Bxb1 $2 14. Nxb1 Ba1 15. Qc2 $18) 14. Rb3 {[%emt 0:00:48]} Ba5 {[%emt 0:00:39]} ({Black should try} 14... Bxd2 $14 15. Nxd2 (15. Qxd2 dxc4 16. Bxc4 O-O $14) 15... Na5) 15. c5 {[%emt 0:09:21]} O-O {[%emt 0:01:12]} 16. Bd6 {[%emt 0:02:20]} Rfc8 {[%emt 0:02:12]} 17. Ne5 {[%emt 0:01:42]} Nxe5 {[%emt 0:03:00]} 18. dxe5 {[%emt 0:00:08]} Bxd2 $2 {[%emt 0:02:29]} (18... Ne8 $14) 19. Qxd2 {[%emt 0:09:10]} Ne4 {[%emt 0:00:25]} 20. Qb4 $1 {[%emt 0:00:19]} a5 {[%emt 0:04:47] [#]} (20... b6 $1 $14) 21. Qd4 $1 {[%emt 0:11:58]} f6 {[%emt 0:05:29]} 22. Rb5 {[%emt 0:08:40]} fxe5 {[%emt 0:11:19]} 23. Bxe5 {[%emt 0:00:33]} Bg6 {[%emt 0:00:54]} (23... Qe7 $16 {might work better.}) 24. f3 {[%emt 0:00:57]} Ng5 {[%emt 0:00:36]} 25. h4 {[%emt 0:03:49]} Nh7 {[%emt 0:00:08]} 26. a4 {[%emt 0:00:55]} Qe7 {[%emt 0:01:08]} 27. Bd6 {[%emt 0:00:48]} Qf7 {[%emt 0:01:26]} 28. Qb2 {[%emt 0:01:05]} Ra7 {[%emt 0:00:13]} 29. Qc3 {[%emt 0:01:36]} Rca8 {[%emt 0:02:23]} 30. Rd1 {[%emt 0:02:29]} Nf6 {[%emt 0:01:20]} 31. Rd2 {[%emt 0:00:16]} Ne8 {[%emt 0:00:20]} 32. Be5 {[%emt 0:01:02]} Qe7 {[%emt 0:00:41]} 33. Rdb2 {[%emt 0:00:29]} Qxh4 {[%emt 0:00:50]} 34. Rxb7 {[%emt 0:00:13]} Nf6 {[%emt 0:00:56]} 35. c6 {[%emt 0:00:53]} Be8 {[%emt 0:00:34]} 36. Rxa7 {[%emt 0:00:47]} Rxa7 {[%emt 0:00:05]} 37. c7 {[%emt 0:00:03]} Ra8 {[%emt 0:00:22]} 38. Bxf6 {[%emt 0:00:25]} gxf6 {[%emt 0:00:35]} 39. c8=Q {[%emt 0:00:28]} Rxc8 {[%emt 0:00:09]} 40. Qxc8 {[%emt 0:00:00] Double Attack} Qe1+ {[%emt 0:00:00]} 41. Bf1 {[%emt 0:00:08]} Qxe3+ {[%emt 0:00:42]} 42. Rf2 {[%emt 0:01:14]} Kf7 {[%emt 0:00:48]} 43. Qc7+ {[%emt 0:00:07]} Kg6 {[%emt 0:00:07]} 44. Qxa5 {[%emt 0:00:15]} d4 {[%emt 0:00:14]} 45. Qa8 $18 {[%emt 0:00:47]} 1-0

[Event "ROU-chT Women Superliga 2018"]
[Site "Sovata"]
[Date "2018.11.30"]
[Round "6"]
[White "Popa, Andrada"]
[Black "Pelin, Ana-Maria"]
[Result "0-1"]
[WhiteElo "1598"]
[BlackElo "1751"]
[Annotator "NA RC"]
[PlyCount "68"]
[EventDate "2018.11.24"]
[EventType "team-tourn"]
[EventCountry "ROU"]
[SourceTitle "playchess.com"]
[Source "ChessBase"]
[SourceQuality "1"]
[TimeControl "40/5400+30:1800+30"]

1. d4 {[%emt 0:00:00]} d5 {[%emt 0:00:00]} 2. Bf4 {[%emt 0:00:00]} c5 {[%emt 0:00:00]} 3. c3 {[%emt 0:00:04]} Nc6 {[%emt 0:00:26]} 4. e3 {[%emt 0:00:24]} Nf6 {[%emt 0:00:13]} 5. Bd3 {[%emt 0:01:43]} Qb6 {[%emt 0:11:22]} 6. Qc1 {[%emt 0:05:06]} Bg4 {[%emt 0:00:38]} 7. Nd2 {[%emt 0:02:14]} e6 {[%emt 0:07:32]} 8. Ngf3 {[%emt 0:06:12]} Rc8 {[%emt 0:01:21]} 9. a3 {[%emt 0:10:29]} cxd4 {[%emt 0:01:16]} 10. exd4 {[%emt 0:02:33]} Be7 {[%emt 0:00:20]} 11. h3 {[%emt 0:02:35]} Bh5 {[%emt 0:00:13]} 12. Rb1 {[%emt 0:08:39]} O-O {[%emt 0:01:42]} 13. O-O {[%emt 0:00:58]} Rfd8 {[%emt 0:08:22]} 14. Qe1 {[%emt 0:06:36]} Bg6 {[%emt 0:22:00]} 15. Bxg6 {[%emt 0:06:02]} hxg6 {[%emt 0:01:05]} 16. Ne5 {[%emt 0:00:40]} Nd7 {[%emt 0:01:56]} 17. Ndf3 {[%emt 0:04:42]} Ndxe5 {[%emt 0:00:46]} 18. Nxe5 {[%emt 0:01:04]} Nxe5 {[%emt 0:00:30]} 19. Bxe5 {[%emt 0:00:18]} Rc6 {[%emt 0:02:44]} 20. Qd2 {[%emt 0:08:50]} Rdc8 {[%emt 0:02:55]} 21. Rfc1 {[%emt 0:06:20]} Qb3 {[%emt 0:00:28]} 22. Qc2 {[%emt 0:02:40]} Rb6 {[%emt 0:00:43]} 23. a4 {[%emt 0:06:37]} a5 {[%emt 0:05:57]} 24. Qxb3 {[%emt 0:07:48]} Rxb3 {[%emt 0:00:28]} 25. Kf1 {[%emt 0:00:06]} Rc4 {[%emt 0:00:05]} 26. Ra1 {[%emt 0:03:26]} Rxb2 {[%emt 0:00:48]} 27. Rab1 {[%emt 0:01:13]} Rxc3 {[%emt 0:01:15]} 28. Rxb2 {[%emt 0:00:59]} Rxc1+ 29. Ke2 {[%emt 0:00:06]} Bb4 {[%emt 0:00:10]} 30. Ra2 {[%emt 0:01:02]} f6 {[%emt 0:00:16]} 31. Bg3 {[%emt 0:00:58]} Kf7 {[%emt 0:00:16]} 32. f4 {[%emt 0:01:31]} Ke7 {[%emt 0:00:38]} 33. Kf3 {[%emt 0:01:25]} Kd7 {[%emt 0:00:27]} 34. Kg4 {[%emt 0:00:20]} Rd1 {[%emt 0:01:27]} 0-1

[Event "ROU-chT Women Superliga 2018"]
[Site "Sovata"]
[Date "2018.12.01"]
[Round "7"]
[White "Javakhishvili, Lela"]
[Black "Yugina, Maria"]
[Result "1-0"]
[WhiteElo "2464"]
[BlackElo "2171"]
[Annotator "TA"]
[PlyCount "77"]
[EventDate "2018.11.24"]
[EventType "team-tourn"]
[EventCountry "ROU"]
[SourceTitle "playchess.com"]
[Source "ChessBase"]
[SourceQuality "1"]

{[%evp 9,77,14,37,43,31,31,49,22,25,21,39,41,30,32,44,45,62,68,87,84,89,92,189,92,97,85,180,182,182,171,170,176,189,172,174,118,123,55,54,60,86,86,244,252,275,281,258,254,290,293,262,263,393,385,458,444,672,767,29975,29976,29989,29990,29991,29992,29995,29996,29996,29997,29997,29998]} 1. d4 e6 2. c4 Bb4+ 3. Bd2 a5 4. Nc3 d6 (4... Nf6 5. Nf3 b6 6. e3 Bxc3 7. Bxc3 Ne4 8. Qc2 Bb7 9. Bd3 Nxc3 10. Qxc3 d6 11. e4 Nd7 12. O-O O-O 13. Rfe1 Qe7 14. Bc2 {½-½ (57) Jakovenko,D (2745)-Morozevich,A (2724) Kazan 2014}) 5. g3 Nc6 6. a3 {A40: Unusual replies to 1 d4} Bxc3 $1 7. Bxc3 {Threatens to win with d5.} Nf6 8. b3 {White is slightly better.} O-O $146 ({Predecessor:} 8... e5 9. d5 Ne7 10. Bg2 Bf5 11. f3 c6 12. e4 {0-1 (27) Tikkanen,H (2338)-Iljin,A (2522) Cochin 2004}) 9. Bg2 Qe7 10. Nf3 e5 11. d5 $36 {[%mdl 2048] White has some pressure.} Nb8 12. Nd2 b6 13. O-O Bd7 14. e4 Bg4 15. Qc2 Qd7 (15... h6 $16) 16. b4 (16. f4 $1 $18 {is more deadly.}) 16... Bh3 17. c5 (17. bxa5 {seems wilder.} Na6 18. axb6 cxb6 19. Rfb1 Rfb8 20. f3) 17... dxc5 (17... Bxg2 $16 {keeps fighting.} 18. Kxg2 Qg4) 18. bxc5 $18 ({But not} 18. Bxe5 $6 Bxg2 19. Kxg2 axb4 $16) 18... Bxg2 19. Kxg2 Qe7 20. c6 Ne8 21. f4 exf4 22. gxf4 (22. Rxf4 $18 Na6 23. e5) 22... Na6 $16 23. Rf3 ({Better is} 23. Bd4 $16) 23... Rd8 $14 24. f5 {[%cal Bf4f5,Bf5e6][%mdl 32]} f6 25. Re1 Qf7 $2 {[#]} (25... Nc5 $16) 26. Nb3 $1 $18 {[%cal Bd2b3,Bb3d4,Bd4e6][%mdl 32]} Nd6 {[#]} 27. Nd4 $1 Nc5 28. Ne6 Nxe6 29. fxe6 ({Less strong is} 29. dxe6 Qe7 $18) 29... Qe7 30. Ref1 h6 (30... Ra8 $142 31. Qe2 h6) 31. Rg3 Kh8 32. Qe2 Ne8 (32... Ra8 $142 33. Rff3 Kh7) 33. Qh5 Rg8 34. Qg6 {White mates.} Rf8 35. Rf5 Nd6 36. Rh5 Rde8 {[#]} 37. Rxh6+ $1 {[%mdl 576] Demolition} gxh6 38. Qxh6+ Qh7 39. Bxf6+ {Accuracy: White = 76%, Black = 33%.} 1-0

[Event "ROU-chT Women Superliga 2018"]
[Site "Sovata"]
[Date "2018.12.01"]
[Round "7"]
[White "Peptan, Corina-Isabela"]
[Black "Paehtz, Elisabeth"]
[Result "0-1"]
[WhiteElo "2378"]
[BlackElo "2487"]
[Annotator "TA"]
[PlyCount "104"]
[EventDate "2018.11.24"]
[EventType "team-tourn"]
[EventCountry "ROU"]
[SourceTitle "playchess.com"]
[Source "ChessBase"]
[SourceQuality "1"]

{[%evp 21,104,-22,-21,-24,-31,-26,-8,-33,-25,-56,-48,-57,-51,-55,-50,-52,-44,-46,-53,-61,-52,-64,-65,-53,-31,-91,-88,-92,-92,-99,-93,-89,-64,-64,-70,-54,-53,-60,-21,-38,-14,-30,-13,-14,-2,-2,0,-10,0,-14,-14,-14,0,0,8,0,0,0,0,0,0,0,0,0,0,0,0,0,0,0,0,0,0,0,0,0,0,0,0,-29977,-1610,-29995,-29996,-29996,-29997]} 1. c4 g6 2. Nf3 Bg7 3. d4 Nf6 4. g3 O-O 5. Bg2 d6 6. O-O Nbd7 7. Nc3 e5 8. e3 Re8 9. b3 c6 10. dxe5 dxe5 11. Bb2 {E67: King's Indian: Fianchetto: 6...Nbd7} Qc7 {LiveBook: 3 Games} (11... e4 12. Nd2 Nc5 13. Ba3 Qa5 14. Bxc5 Qxc5 15. Ndxe4 Nxe4 16. Nxe4 Qa5 17. a3 Rd8 18. Qe1 Qe5 {0-1 (39) Saeed,I (2434)-Movsesian,S (2647) Riadh 2017}) 12. Na4 Ne4 $146 ({Predecessor:} 12... Nb6 13. Nxb6 axb6 14. Qe2 Bg4 15. h3 Bxf3 16. Bxf3 Nd7 17. Rfd1 Nc5 18. Qc2 f5 {1-0 (40) Reinemer,F (2206)-Roos,K (2265) Dresden 2011}) 13. b4 {Black is slightly better.} f5 14. c5 Ndf6 15. Nd2 Nxd2 16. Qxd2 e4 17. Bd4 Be6 18. Nc3 Rad8 19. Ne2 Ng4 20. Qc3 Ne5 21. Rfd1 Bd5 22. Qc2 Qf7 23. Bxe5 ({Better is} 23. Nf4 $15) 23... Bxe5 $17 24. Nd4 Bc4 25. Bf1 Bxf1 26. Kxf1 Bxd4 (26... g5 {with more complications.} 27. Kg1 f4 28. Rab1 Bxd4 29. Rxd4 Rxd4 30. exd4 Qd5) 27. Rxd4 Rxd4 28. exd4 {[%mdl 4096] Endgame KQR-KQR} Rd8 29. Rd1 Rd5 30. Qd2 Kg7 31. Kg2 Qe7 32. h4 h6 33. Qe3 Qe6 34. a3 Rd7 35. Rd2 Qd5 36. Kh2 b6 37. Qf4 Kh7 38. Qb8 b5 39. Qf4 Kg7 40. Kg1 Re7 41. Kh2 a6 42. Qe3 Rd7 43. Qf4 Qe6 44. Kg2 Rd5 45. Qb8 g5 46. hxg5 hxg5 47. Rd1 {[#] Threatens to win with Rh1.} Qe7 48. Qc8 e3 49. fxe3 Qxe3 {aiming for ...Qe2+.} 50. Rh1 $2 {[%mdl 8192] [#]} ({Wrong is} 50. Qxc6 $2 Qe2+ 51. Kh3 Rd8 $19) (50. Qb7+ $11 Kf8 51. Qxc6) 50... Qe4+ 51. Kg1 Qxd4+ 52. Kh2 Qd2+ {Accuracy: White = 65%, Black = 61%.} 0-1

[Event "ROU-chT Women Superliga 2018"]
[Site "Sovata"]
[Date "2018.12.01"]
[Round "7"]
[White "Sandu, Mihaela"]
[Black "Sgircea, Silvia-Raluca"]
[Result "1-0"]
[WhiteElo "2312"]
[BlackElo "2259"]
[Annotator "NA"]
[PlyCount "73"]
[EventDate "2018.11.24"]
[EventType "team-tourn"]
[EventCountry "ROU"]
[SourceTitle "playchess.com"]
[Source "ChessBase"]
[SourceQuality "1"]
[TimeControl "40/5400+30:1800+30"]

1. e4 {[%emt 0:00:00]} c5 {[%emt 0:00:00]} 2. Nf3 {[%emt 0:00:00]} Nc6 {[%emt 0:00:00]} 3. d4 {[%emt 0:00:00]} cxd4 {[%emt 0:00:00]} 4. Nxd4 {[%emt 0:00:00]} g6 {[%emt 0:00:01]} 5. c4 {[%emt 0:00:00]} Bg7 {[%emt 0:00:05]} 6. Be3 {[%emt 0:00:00]} Nf6 {[%emt 0:00:10]} 7. Nc3 {[%emt 0:00:00]} Ng4 {[%emt 0:00:17]} 8. Qxg4 {[%emt 0:00:12]} Nxd4 {[%emt 0:00:06]} 9. Qd1 {[%emt 0:00:06]} e5 {[%emt 0:00:11]} 10. Bd3 {[%emt 0:09:35]} O-O {[%emt 0:00:24]} 11. O-O {[%emt 0:00:03]} d6 {[%emt 0:00:12]} 12. Qd2 {[%emt 0:08:33]} Be6 {[%emt 0:00:19]} 13. Ne2 {[%emt 0:02:13]} Nxe2+ {[%emt 0:40:28]} 14. Bxe2 {[%emt 0:04:09]} Rc8 {[%emt 0:03:49]} 15. Rac1 {[%emt 0:01:46]} Qe7 {[%emt 0:03:48]} 16. b3 {[%emt 0:14:38]} Rc6 {[%emt 0:03:39]} 17. a4 {[%emt 0:01:27]} a6 {[%emt 0:00:41]} 18. b4 {[%emt 0:00:39]} f5 {[%emt 0:03:40]} 19. exf5 {[%emt 0:07:54]} gxf5 {[%emt 0:00:12]} 20. f4 {[%emt 0:01:53]} e4 {[%emt 0:13:28]} 21. b5 {[%emt 0:07:33]} axb5 {[%emt 0:03:16]} 22. cxb5 {[%emt 0:00:22]} Rcc8 {[%emt 0:01:25]} 23. Qb4 {[%emt 0:09:37]} Qd7 {[%emt 0:05:47]} 24. b6 {[%emt 0:00:58]} d5 {[%emt 0:02:36]} 25. Bb5 {[%emt 0:00:15]} Qf7 {[%emt 0:00:01]} 26. a5 {[%emt 0:02:47]} Rfd8 {[%emt 0:03:00]} 27. a6 {[%emt 0:20:31]} bxa6 {[%emt 0:08:22]} 28. Bxa6 {[%emt 0:00:11]} Rxc1 {[%emt 0:01:09]} 29. Rxc1 {[%emt 0:00:41]} d4 {[%emt 0:00:05]} 30. b7 {[%emt 0:03:31]} Qe8 {[%emt 0:02:49]} 31. Rd1 {[%emt 0:01:04]} Bf8 {[%emt 0:00:56]} 32. Qb6 {[%emt 0:00:17]} Bd6 {[%emt 0:04:30]} 33. Rxd4 {[%emt 0:01:00]} Qf8 {[%emt 0:00:31]} 34. b8=Q {[%emt 0:01:05]} Rxb8 {[%emt 0:00:19]} 35. Qxd6 {[%emt 0:00:13]} Rb1+ {[%emt 0:00:06]} 36. Kf2 {[%emt 0:00:40]} Rb2+ {[%emt 0:00:07]} 37. Be2 {[%emt 0:02:14]} 1-0

[Event "ROU-chT Women Superliga 2018"]
[Site "Sovata"]
[Date "2018.12.01"]
[Round "7"]
[White "L'Ami, Alina"]
[Black "Anton, Ana-Roxana"]
[Result "1-0"]
[WhiteElo "2285"]
[BlackElo "1860"]
[Annotator "NA"]
[PlyCount "69"]
[EventDate "2018.11.24"]
[EventType "team-tourn"]
[EventCountry "ROU"]
[SourceTitle "playchess.com"]
[Source "ChessBase"]
[SourceQuality "1"]
[TimeControl "40/5400+30:1800+30"]

1. d4 {[%emt 0:00:00]} Nf6 {[%emt 0:00:00]} 2. c4 {[%emt 0:00:00]} e6 {[%emt 0:00:00]} 3. Nc3 {[%emt 0:00:00]} Bb4 {[%emt 0:00:00]} 4. e3 {[%emt 0:00:00]} O-O {[%emt 0:00:12]} 5. Nge2 {[%emt 0:00:02]} Re8 {[%emt 0:04:26] E46: Nimzo-Indian: Rubinstein: 4 e3 0-0 5 Ne2 without early Bd3} 6. a3 {[%emt 0:00:07]} Bxc3+ {[%emt 0:00:11]} (6... Bf8 7. d5 d6 8. g3 exd5 9. cxd5 c5 10. Bg2 Nbd7 11. O-O c4 12. Nd4 Nc5 13. Qe2 Nd3 14. b3 Nxc1 15. Rfxc1 cxb3 {½-½ (74) Caruana,F (2822)-So,W (2780) Saint Louis 2018}) 7. Nxc3 {[%emt 0:00:09]} d6 {[%emt 0:00:50]} 8. Be2 $146 {[%emt 0:10:34]} ({Predecessor:} 8. Bd3 c6 9. O-O e5 10. d5 e4 11. Bc2 Bf5 12. f4 Qe7 13. b4 Na6 14. Ba4 Bd7 15. dxc6 bxc6 16. Ne2 Rac8 17. Bb2 Nc7 {½-½ (49) Pankov,G-Ballo,H St Petersburg 2002}) 8... Nbd7 {[%emt 0:04:52]} 9. O-O {[%emt 0:02:41]} e5 {[%emt 0:04:45]} 10. d5 {[%emt 0:00:41]} a5 {[%emt 0:04:21]} 11. e4 {[%emt 0:03:34]} h6 {[%emt 0:03:28]} 12. Be3 {[%emt 0:02:30]} b6 {[%emt 0:05:35]} 13. b4 {[%emt 0:01:32]} Qe7 {[%emt 0:10:03]} 14. Qc2 {[%emt 0:03:57]} Nf8 {[%emt 0:08:49]} 15. c5 {[%emt 0:04:56]} bxc5 {[%emt 0:08:53]} 16. bxc5 {[%emt 0:00:10]} Ng4 {[%emt 0:00:09]} 17. Bxg4 {[%emt 0:01:16]} Bxg4 {[%emt 0:00:13]} 18. Nb5 {[%emt 0:03:23]} Rec8 {[%emt 0:13:23]} 19. f3 {[%emt 0:01:53]} Bh5 {[%emt 0:01:04]} 20. c6 {[%emt 0:04:39]} Bg6 {[%emt 0:04:44]} 21. Rab1 {[%emt 0:00:35]} Nh7 {[%emt 0:02:38]} 22. g4 {[%emt 0:03:18]} h5 {[%emt 0:01:20]} 23. h3 {[%emt 0:00:15]} Qh4 $16 {[%emt 0:00:38]} 24. Qg2 {[%emt 0:02:44]} Ng5 {[%emt 0:03:20]} 25. Bxg5 {[%emt 0:00:33]} Qxg5 {[%emt 0:00:05]} 26. a4 {[%emt 0:02:11]} Qe3+ {[%emt 0:04:08]} 27. Qf2 {[%emt 0:00:33]} Qd3 {[%emt 0:02:00]} 28. Rb2 {[%emt 0:02:36]} Qc4 {[%emt 0:01:10]} 29. Qc2 {[%emt 0:00:33]} Qxc2 {[%emt 0:05:23]} 30. Rxc2 {[%emt 0:00:01]} f6 {[%emt 0:00:42]} 31. Rb2 {[%emt 0:00:25]} Bf7 {[%emt 0:01:03]} 32. Na3 {[%emt 0:00:30]} Kh7 {[%emt 0:00:46]} 33. Rb7 {[%emt 0:00:31]} Kh6 {[%emt 0:01:53]} 34. Nb5 {[%emt 0:00:40]} Rab8 {[%emt 0:02:41]} 35. Nxc7 {[%emt 0:00:29]} 1-0

[Event "ROU-chT Women Superliga 2018"]
[Site "Sovata"]
[Date "2018.12.01"]
[Round "7"]
[White "Raeva, Elitsa"]
[Black "Ciungan, Diana-Alexandra"]
[Result "1-0"]
[WhiteElo "2253"]
[BlackElo "1863"]
[Annotator "NA"]
[PlyCount "43"]
[EventDate "2018.11.24"]
[EventType "team-tourn"]
[EventCountry "ROU"]
[SourceTitle "playchess.com"]
[Source "ChessBase"]
[SourceQuality "1"]
[TimeControl "40/5400+30:1800+30"]

1. Nf3 {[%emt 0:00:00]} d5 {[%emt 0:00:00]} 2. c4 {[%emt 0:00:00]} e6 {[%emt 0:00:00]} 3. g3 {[%emt 0:00:06]} c6 {[%emt 0:00:58]} 4. Bg2 {[%emt 0:01:28]} f5 {[%emt 0:00:14]} 5. O-O {[%emt 0:00:57]} Nf6 {[%emt 0:00:07]} 6. Qc2 {[%emt 0:04:46]} Bd6 {[%emt 0:00:59]} 7. d3 {[%emt 0:03:37]} O-O {[%emt 0:03:16]} 8. Nbd2 {[%emt 0:03:54]} f4 {[%emt 0:16:32]} 9. d4 {[%emt 0:07:07]} Nbd7 {[%emt 0:05:31]} 10. e4 {[%emt 0:05:54]} fxe3 {[%emt 0:03:03]} 11. fxe3 {[%emt 0:00:06]} Qe8 {[%emt 0:14:44]} 12. e4 {[%emt 0:02:02]} Qg6 {[%emt 0:02:08]} 13. Nh4 {[%emt 0:09:35]} Qg4 {[%emt 0:02:08]} 14. cxd5 {[%emt 0:05:49]} exd5 {[%emt 0:14:09]} 15. Nf5 {[%emt 0:12:38]} Bb4 {[%emt 0:03:05]} 16. e5 {[%emt 0:00:47]} Ne8 {[%emt 0:08:28]} 17. h3 {[%emt 0:08:14]} Qg6 {[%emt 0:06:12]} 18. g4 {[%emt 0:00:05]} Qe6 {[%emt 0:01:01]} 19. Nf3 {[%emt 0:00:58]} h6 {[%emt 0:01:01]} 20. a3 {[%emt 0:03:00]} Ba5 {[%emt 0:00:04]} 21. N3h4 {[%emt 0:00:40]} c5 {[%emt 0:01:18]} 22. Bxd5 {[%emt 0:00:29]} 1-0

[Event "ROU-chT Women Superliga 2018"]
[Site "Sovata"]
[Date "2018.12.01"]
[Round "7"]
[White "Cosman, Andreea-Marioara"]
[Black "Dragomirescu, Angela"]
[Result "1-0"]
[WhiteElo "2176"]
[BlackElo "2275"]
[Annotator "NA"]
[PlyCount "91"]
[EventDate "2018.11.24"]
[EventType "team-tourn"]
[EventCountry "ROU"]
[SourceTitle "playchess.com"]
[Source "ChessBase"]
[SourceQuality "1"]
[TimeControl "40/5400+30:1800+30"]

1. d4 {[%emt 0:00:00]} g6 {[%emt 0:00:00]} 2. c4 {[%emt 0:00:00]} Bg7 {[%emt 0:00:00]} 3. e4 {[%emt 0:00:19]} d6 {[%emt 0:00:00]} 4. Nc3 {[%emt 0:01:58]} e5 {[%emt 0:00:51]} 5. Be3 {[%emt 0:08:39]} Ne7 {[%emt 0:05:39]} 6. dxe5 {[%emt 0:05:04]} dxe5 {[%emt 0:02:04]} 7. Qxd8+ {[%emt 0:00:05]} Kxd8 {[%emt 0:00:04]} 8. O-O-O+ {[%emt 0:00:05]} Bd7 {[%emt 0:01:55]} 9. g3 {[%emt 0:06:09]} Kc8 {[%emt 0:04:15]} 10. Nf3 {[%emt 0:04:23]} f6 {[%emt 0:13:11]} 11. Nd2 {[%emt 0:04:45]} Nbc6 {[%emt 0:05:07]} 12. Nb3 {[%emt 0:00:54]} Bg4 {[%emt 0:25:47]} 13. Rd2 {[%emt 0:16:47]} b6 {[%emt 0:01:09]} 14. Be2 {[%emt 0:13:25]} Be6 {[%emt 0:02:33]} 15. Rhd1 {[%emt 0:00:37]} Kb7 {[%emt 0:00:41]} 16. Nd5 {[%emt 0:01:11]} h5 {[%emt 0:11:44]} 17. c5 {[%emt 0:03:17]} Raf8 {[%emt 0:02:40]} 18. Kb1 {[%emt 0:08:53]} f5 {[%emt 0:01:18]} 19. Bg5 {[%emt 0:00:43]} Nc8 {[%emt 0:04:53]} 20. cxb6 {[%emt 0:02:01]} axb6 {[%emt 0:02:14]} 21. Rc1 {[%emt 0:03:25]} Rf7 {[%emt 0:02:22]} 22. Bc4 {[%emt 0:04:57]} Re8 {[%emt 0:05:56]} 23. f3 {[%emt 0:05:37]} fxe4 {[%emt 0:00:33]} 24. fxe4 {[%emt 0:00:16]} N8a7 {[%emt 0:06:21]} 25. a4 {[%emt 0:02:26]} Nd4 {[%emt 0:00:08]} 26. Nxd4 {[%emt 0:03:22]} exd4 {[%emt 0:00:04]} 27. a5 {[%emt 0:00:41]} b5 {[%emt 0:01:23]} 28. Bf1 {[%emt 0:01:51]} c6 {[%emt 0:00:27]} 29. Nf4 {[%emt 0:00:25]} Bg4 {[%emt 0:00:30]} 30. Bg2 {[%emt 0:00:35]} Bh8 {[%emt 0:00:36]} 31. Nxg6 {[%emt 0:01:18]} Rg8 {[%emt 0:00:08]} 32. Nxh8 {[%emt 0:00:20]} Rxh8 {[%emt 0:00:34]} 33. Rxd4 {[%emt 0:00:29]} Rf2 {[%emt 0:00:32]} 34. Rc2 {[%emt 0:00:13]} Rhf8 {[%emt 0:00:11]} 35. Bf4 {[%emt 0:00:06]} Rxc2 {[%emt 0:00:18]} 36. Kxc2 {[%emt 0:00:05]} h4 {[%emt 0:01:11]} 37. e5 {[%emt 0:00:34]} hxg3 {[%emt 0:00:24]} 38. hxg3 {[%emt 0:00:12]} Ka6 {[%emt 0:00:35]} 39. b4 {[%emt 0:00:35]} Rh8 {[%emt 0:00:20]} 40. Be4 {[%emt 0:00:00]} Rh2+ {[%emt 0:00:00]} 41. Kc3 {[%emt 0:01:24]} Ra2 {[%emt 0:07:57]} 42. Rd6 {[%emt 0:01:10]} Ra3+ {[%emt 0:07:38]} 43. Kb2 {[%emt 0:00:18]} Ra4 {[%emt 0:00:51]} 44. Bd2 {[%emt 0:00:10]} Nc8 {[%emt 0:04:05]} 45. Rxc6+ {[%emt 0:00:26]} Ka7 {[%emt 0:00:02]} 46. Rc7+ {[%emt 0:01:17]} 1-0